000 00339nam a22001337a 4500
082 _aP-394
100 _aUsman Ijaz Chaoudhary
_948102
245 _aEffect of Temperature Variation on Asphalt Pavements
260 _aRisalpur Cantt
_bMCE
526 _a0
_b0
_c0
_dP_394
650 _aProject
700 _aKamran Mushtaq
942 _2ddc
_cBK
999 _c551138
_d551138